| 000 | 01198cam a2200301 i 4500 | ||
|---|---|---|---|
| 001 | 44685 | ||
| 003 | Mx-PuUPA | ||
| 005 | 20211104105529.0 | ||
| 008 | 140415s2000 sp af grd 001 0 spa d | ||
| 020 | _a8423994600 | ||
| 040 |
_aMX-PuUPA _bspa _erda _cMx-PuUPA _dMx-PuUPA |
||
| 041 | 0 | _aspa | |
| 245 | 0 | 0 |
_aDiccionario Espasa : _bmitología universal / _cdirigido por Jaime Alvar Ezquerra ; coordinador del área de América, José Alcina Franch ; coordinador del área del mundo clásico, Jaime Alvar Ezquerra ; coordinadora del área de Asia, Carmen García-Ormaechea. |
| 264 | 1 |
_aMadrid : _bEspasa Calpe, _c2000 |
|
| 300 |
_axvi, 1031 páginas, 88 páginas de láminas sin numerar : _bilustraciones ; _c25 cm. |
||
| 336 |
_atexto _2rdacontent _btxt |
||
| 337 |
_asin medio _2rdamedia _bn |
||
| 338 |
_avolumen _2rdacarrier _bnc |
||
| 650 | 4 | _aMitología | |
| 650 | 4 |
_aMitología _vDiccionarios |
|
| 700 | 1 |
_aEzquerra, Jaime Alvar, _edirector |
|
| 700 | 1 |
_aAlcina Franch, José, _eeditor |
|
| 700 | 1 |
_aAlvar Ezquerra, Jaime, _eeditor |
|
| 710 | 1 |
_aGarcía-Ormaechea, Carmen, _eeditor |
|
| 942 |
_2ddc _cLI _h201.03 _iD545 |
||
| 999 |
_c44685 _d44685 |
||